000 00644nam a2200241Ia 4500
003 OSt
005 20220924124824.0
006 a|||||r|||| 00| 0
007 ta
008 220923b |||||||| |||| 00| 0 san d
024 _a247692
037 _cTextual
040 _aARTS
_cARTS
_bsan
041 _2san
_asan
082 _aO15,INBH,1, K0.1
100 _aBhadrSuri
_9197082
245 0 _aShrishantinath mahakavyam
260 _aPalitada
_bNemichander Gyanshalal India
300 _a272p.
_ccm.
650 _aSANSKRIT LITERATURE
942 _hO15,INBH,1, K0.1
_cTEXL
_2CC
999 _c421110
_d421110